000 00329nam a2200133Ia 4500
005 20260328104249.0
008 260328s9999||||xx |||||||||||||| ||und||
100 _aTolic, Ines
245 0 _aContemporary Architecture/ South Africa /
_cInes Tolic
260 _bMotta
300 _a175 p.
650 _aARQUITECTURA
942 _cBK
999 _c10178
_d10178